Super Smash Bros Ultimate : Stages - Statistiques

Statistiques générales
  • Ce quiz a été pris 103 fois
    44 depuis la dernière actualisation
  • Le résultat moyen est 45 sur 115
Statistiques - réponses
Univers Stage % Correct
Super Smash Bros Destination Finale
94%
Super Smash Bros Champ de Bataille
91%
Super Smash Bros Petit Champ de Bataille
79%
Pokémon Stade Pokémon
79%
Pokémon Stade Pokémon 2
76%
The Legend of Zelda Temple
73%
Luigi's Mansion Manoir de Luigi
70%
Yoshi Île de Yoshi
67%
Super Mario Château de Peach
64%
Tomodachi Life Tomodachi Life
58%
Balloon Fight Balloon Fight
55%
Mii en Péril Mii en Péril
55%
Punch-Out!! Ring de Boxe
55%
Super Mario Royaume Champignon
55%
Animal Crossing Smash Ville
55%
Super Smash Bros Vaste Champ de Bataille
55%
Metroid Brinstar
52%
Castlevania Château de Dracula
52%
Xenoblade Chronicles Plaine de Gaur
52%
F-Zero Big Blue
48%
Star Fox Corneria
48%
Kirby Dream Land
48%
Pokémon Ligue Pokémon d'Unys
48%
Pac-Man PAC-LAND
48%
The Legend of Zelda Pont d'Ordinn
48%
Kid Icarus Temple de Palutena
48%
Star Fox Venom
48%
Sonic Zone Green Hill
48%
Super Mario Circuit Mario
45%
Duck Hunt Duck Hunt
45%
WarioWare Gamer
45%
Wii Sports Resort Île Wuhu
45%
Pokémon Ligue Pokémon de Kalos
45%
Pilotwings Pilotwings
45%
Nintendogs Salon
45%
WarioWare WarioWare, Inc
45%
Yoshi Yoshi's Story
45%
Fire Emblem Arène
42%
The Legend of Zelda Château d'Hyrule
42%
Super Mario Circuit en 8
42%
Kirby Fontaine des Rêves
42%
EarthBound Fourside
42%
EarthBound New Pork City
42%
EarthBound Onett
42%
Pictochat Pictochat 2
42%
Wrecking Crew Wrecking Crew
42%
Fire Emblem Château Assiégé
39%
Pokémon Colonnes Lances
39%
Kirby Halberd
39%
Metal Gear Île de Shadow Moses
39%
EarthBound Magicant
39%
Super Mario Mario Bros
39%
Super Mario Mario Galaxy
39%
Final Fantasy Midgar
39%
Metroid Norfair
39%
Super Mario Paper Mario
39%
Super Mario Place Delfino
39%
Metroid Profondeurs de Brinstar
39%
Super Mario Royaume Champiternel
39%
The Legend of Zelda Tour du Prélude
39%
Star Fox Traversée de Lylat
39%
Donkey Kong 75 m
36%
Electroplankton Hanenbow
36%
Persona Mementos
36%
Pikmin Planète Lointaine
36%
Super Mario Royaume Champignon U
36%
Wii Fit Studio Wii Fit
36%
Kirby Vertes Prairies
36%
The Legend of Zelda Célesbourg
33%
Kid Icarus Forêt des Bombes zéro
33%
Metroid Frégate Orphéon
33%
The Legend of Zelda Grande Baie
33%
Minecraft Monde Minecraft
33%
Super Mario Royaume Champignon II
33%
Pokémon Safrania
33%
Ice Climber Sommet
33%
Bayonetta Tour de l'horloge de l'Umbra
33%
Splatoon Tours Girelle
33%
Super Mario 3D Land
30%
Fire Emblem Arène de Ferox
30%
Super Mario Château de la princesse Peach
30%
Final Fantasy Cratère Nord
30%
Donkey Kong Jungle des Jobards
30%
Tekken Mishima Dojo
30%
Sonic Zone Windy Hill
30%
Dragon Quest Autel de l'Yggdrasil
27%
Game & Watch Espace 2D X
27%
Super Mario Hôtel de ville de New Donk City
27%
Donkey Kong Jungle Kongo
27%
F-Zero Mute City SNES
27%
F-Zero Port Town
27%
Super Mario Super Mario Maker
27%
Street Fighter Suzaku Castle
27%
Pokémon Tour Prismatique
27%
The Legend of Zelda Vaisseau Pirate
27%
The Legend of Zelda Vallée Gerudo
27%
Yoshi Arbre Magique du Bonheur
24%
Mega Man Château du Dr Willy
24%
Kingdom Hearts Forteresse oubliée
24%
Pikmin Verger de l'espoir
24%
Super Mario Buttes au Butin
21%
Super Mario Course Arc-en-ciel
21%
Kirby Dream Land GB
21%
The Legend of Zelda Locomotive des dieux
21%
Fire Emblem Monastère de Garreg Mach
21%
Kid Icarus Royaume Céleste
21%
Yoshi Île de Yoshi (Melee)
18%
Fatal Fury Stade de King of Fighters
18%
ARMS Stade Spring
18%
Animal Crossing Tortiland
18%
Animal Crossing Ville & centre-ville
18%
Xenoblade Chronicles Mer de nuages d'Alrest
15%
Donkey Kong Cascade Kongo
12%
Banjo-Kazooie Montagne Perchée
12%
Kirby La Caverne du Péril
9%
Aucun quiz correspondant
Distribution des résultats
% des personnes avec chaque résultat
Percentile par nombre de réponses
Votre historique - résultats
Vous n’avez pas pris ce quiz depuis la dernière actualisation